Engineering Mechanics (Record no. 32470)

000 -LEADER
fixed length control field 00355nam a22001577a 4500
003 - CONTROL NUMBER IDENTIFIER
control field NUST
038 ## - RECORD CONTENT LICENSOR
Staff Name Khadija
082 ## - DEWEY DECIMAL CLASSIFICATION NUMBER
Classification number 620.105
Author Mark RAJ
100 ## - MAIN ENTRY--PERSONAL NAME
Personal name RAJPUT, R
9 (RLIN) 82881
245 ## - TITLE STATEMENT
Title Engineering Mechanics
260 ## - PUBLICATION, DISTRIBUTION, ETC.
Place of publication, distribution, etc. New Delhi:
Name of publisher, distributor, etc. Dhanpat Rai;
Date of publication, distribution, etc. 2008.
300 ## - PHYSICAL DESCRIPTION
Extent 1.V (Unpaged). ;
Other physical details 24 cm.
500 ## - GENERAL NOTE
General note Paperback.
563 ## - BINDING INFORMATION
Binding note PB
942 ## - ADDED ENTRY ELEMENTS (KOHA)
Koha item type Book
Source of classification or shelving scheme
Holdings
Withdrawn status Lost status Source of classification or shelving scheme Damaged status Not for loan Permanent Location Current Location Shelving location Date acquired Full call number Barcode Date last seen Price effective from Koha item type Public note
          School of Mechanical & Manufacturing Engineering (SMME) School of Mechanical & Manufacturing Engineering (SMME) General Stacks 09/29/2015 620.105 RAJ SMME-1318 03/28/2018 09/29/2015 Book Rack,43-Shelf,1
© 2023 Central Library, National University of Sciences and Technology. All Rights Reserved.